000 00788nam a2200265Ia 4500
003 OSt
005 20221005092015.0
006 a|||||r|||| 00| 0
007 ta
008 221004b |||||||| |||| 00| 0 eng d
020 _a9781138790346 (pbk)
_c3019.86
024 _a18530
037 _b990, 12/03/2015, Bright Book Service
_cTextual
040 _aCRL
_cCRL
_beng
041 _2eng
_aeng
082 _aT:3(S), Q4
100 _aLucas Sandra Goss
_9616791
245 0 _aTeaching psychology
_b Step by step guide
250 _a2nd ed.
260 _aNew York
_bPsychology Press USA
_c2015
300 _axiv,302p.
_ccm.
650 _aEDUCATION
942 _hT:3(S), Q4
_cTEXL
_2cc
999 _c998141
_d998141